Normal view
MARC view
- Mann, Thomas,
Entry Personal Name
001 - CONTROL NUMBER
- control field: 7983
003 - CONTROL NUMBER IDENTIFIER
- control field: NUST
005 - DATE AND TIME OF LATEST TRANSACTION
- control field: 20180103114231.0
008 - FIXED-LENGTH DATA ELEMENTS
- fixed length control field: 180103|| aca||aabn | a|a d
040 ## - CATALOGING SOURCE
- Original cataloging agency: NUST
- Transcribing agency: NUST
100 ## - HEADING--PERSONAL NAME
- Personal name: Mann, Thomas,
- Dates associated with a name: 1875-1955.
670 ## - SOURCE DATA FOUND
- Source citation: Work cat.: (NUST)0: Mann, Thomas, 1875-1955., Joseph the provider,, 1944.
